[Event "SWE-ch U20"]
[Site "Eskilstuna"]
[Date "2019.07.12"]
[Round "7"]
[White "Johnson, Daniel"]
[Black "Storme, Isak"]
[Result "0-1"]
[WhiteElo "2212"]
[BlackElo "2330"]
[PlyCount "34"]
[EventDate "2019.07.06"]
[EventType "tourn"]
[EventRounds "9"]
[EventCountry "SWE"]
[SourceTitle "CBM 191 Extra"]
[Source "ChessBase"]
[SourceDate "2019.09.30"]
[SourceVersion "1"]
[SourceVersionDate "2019.09.30"]
[SourceQuality "1"]
1. d4 d5 2. c4 c6 3. cxd5 cxd5 4. Bg5 f6 5. Bd2 e5 6. dxe5 fxe5 7. e4 Nf6 8.
exd5 Bc5 9. Bb5+ Nbd7 10. Nc3 O-O 11. Be3 Bxe3 12. fxe3 a6 13. Be2 b5 14. Nh3
b4 15. Na4 Ne4 16. Bf3 Qh4+ 17. Ke2 a5 0-1

[Event "SWE-ch U20"]
[Site "Eskilstuna"]
[Date "2019.07.12"]
[Round "7"]
[White "Torngren, Gustav"]
[Black "Sorensen, Hampus"]
[Result "0-1"]
[WhiteElo "2109"]
[BlackElo "2352"]
[PlyCount "94"]
[EventDate "2019.07.06"]
[EventType "tourn"]
[EventRounds "9"]
[EventCountry "SWE"]
[SourceTitle "CBM 191 Extra"]
[Source "ChessBase"]
[SourceDate "2019.09.30"]
[SourceVersion "1"]
[SourceVersionDate "2019.09.30"]
[SourceQuality "1"]
1. g3 d5 2. Bg2 Nf6 3. Nf3 c6 4. d3 Bg4 5. Ne5 Bf5 6. b3 Nbd7 7. Bb2 e6 8. Nd2
Nxe5 9. Bxe5 Bd6 10. Bb2 e5 11. O-O Qc7 12. e4 dxe4 13. dxe4 Be6 14. Qe2 Nd7
15. Nc4 Bc5 16. Rfd1 O-O 17. Bc3 Rfd8 18. Rd2 f6 19. Rad1 Nf8 20. Ne3 b5 21.
Qe1 Bf7 22. Bh3 Ne6 23. Bxe6 Bxe6 24. Ba5 Bb6 25. Bxb6 axb6 26. Rxd8+ Rxd8 27.
Rxd8+ Qxd8 28. Qd1 Qxd1+ 29. Nxd1 Bg4 30. Nc3 b4 31. Nb1 Bf3 32. Nd2 Bd1 33.
Kf1 Bxc2 34. Ke2 b5 35. g4 c5 36. f3 Kf7 37. Nf1 Bb1 38. Nd2 Bxa2 39. Kd3 Ke6
40. Kc2 c4 41. h4 Kd6 42. h5 Kc5 43. f4 Bxb3+ 44. Nxb3+ cxb3+ 45. Kd3 exf4 46.
e5 fxe5 47. Ke4 b2 0-1

[Event "SWE-ch U20"]
[Site "Eskilstuna"]
[Date "2019.07.12"]
[Round "7"]
[White "Joensson, Jacob"]
[Black "Pantzar, Milton"]
[Result "1/2-1/2"]
[WhiteElo "1981"]
[BlackElo "2357"]
[PlyCount "144"]
[EventDate "2019.07.06"]
[EventType "tourn"]
[EventRounds "9"]
[EventCountry "SWE"]
[SourceTitle "CBM 191 Extra"]
[Source "ChessBase"]
[SourceDate "2019.09.30"]
[SourceVersion "1"]
[SourceVersionDate "2019.09.30"]
[SourceQuality "1"]
1. d4 d5 2. c4 c6 3. Nf3 Nf6 4. Nc3 dxc4 5. a4 Bf5 6. e3 e6 7. Bxc4 Bb4 8. O-O
O-O 9. Qe2 Nbd7 10. e4 Bg6 11. Bd3 Bh5 12. e5 Nd5 13. Nxd5 cxd5 14. Qe3 Bg6 15.
Bxg6 fxg6 16. Ng5 Re8 17. Bd2 Qa5 18. Bxb4 Qxb4 19. Rfc1 h6 20. Nf3 Rac8 21. h4
Rc6 22. Qd3 Rec8 23. Rxc6 Rxc6 24. Qxg6 Qxb2 25. Rb1 Rc1+ 26. Rxc1 Qxc1+ 27.
Kh2 Qf4+ 28. Kg1 Qf7 29. Qc2 Nb6 30. Nd2 Qd7 31. a5 Nc8 32. h5 b6 33. axb6 axb6
34. g4 Ne7 35. Kg2 Nc6 36. Nf3 Ne7 37. Nd2 Qc6 38. Qd3 Qc1 39. Nb3 Qc4 40. Qb1
g6 41. hxg6 Kg7 42. Qc1 Nxg6 43. Qe3 Qc2 44. Kg3 Qd1 45. Qf3 Qxf3+ 46. Kxf3 Ne7
47. Ke3 Kg6 48. f4 h5 49. gxh5+ Kxh5 50. Nc1 Nf5+ 51. Kd3 Kg4 52. Ne2 Kf3 53.
Nc3 Kxf4 54. Na4 b5 55. Nc5 Ng7 56. Kd2 Kf3 57. Kd3 b4 58. Kd2 Kg2 59. Kc2 Kf2
60. Kd2 Kf1 61. Kd1 Kf2 62. Kd2 Kf3 63. Kd3 Kf4 64. Kd2 Kf5 65. Kc2 Kg4 66. Kb3
Kf3 67. Kxb4 Ke2 68. Kb3 Kf3 69. Kb2 Kf2 70. Kb3 Kf3 71. Kb2 Kf2 72. Kb3 Kf3
1/2-1/2

[Event "SWE-ch U20"]
[Site "Eskilstuna"]
[Date "2019.07.12"]
[Round "7"]
[White "Rasti, Arvin"]
[Black "Carlsson, Ludvig"]
[Result "1-0"]
[WhiteElo "2220"]
[BlackElo "2218"]
[PlyCount "143"]
[EventDate "2019.07.06"]
[EventType "tourn"]
[EventRounds "9"]
[EventCountry "SWE"]
[SourceTitle "CBM 191 Extra"]
[Source "ChessBase"]
[SourceDate "2019.09.30"]
[SourceVersion "1"]
[SourceVersionDate "2019.09.30"]
[SourceQuality "1"]
1. d4 Nf6 2. c4 e6 3. Nc3 Bb4 4. f3 d5 5. a3 Be7 6. e4 dxe4 7. fxe4 e5 8. d5
Bc5 9. Nf3 Bg4 10. h3 Bxf3 11. Qxf3 Nbd7 12. Bd3 a5 13. Be3 Qe7 14. O-O-O Bxe3+
15. Qxe3 Qc5 16. Qe2 O-O 17. Kb1 Nb6 18. Rc1 Ne8 19. Nd1 Nd6 20. Ne3 Ra6 21.
Ka2 a4 22. g4 Nd7 23. Rb1 Rb6 24. Nf5 Nxf5 25. gxf5 Ra8 26. Rhg1 Nf6 27. Rg3
Kh8 28. Rbg1 Rg8 29. h4 Qd4 30. R1g2 Rb3 31. h5 h6 32. Bb1 Rxg3 33. Rxg3 Ra8
34. Rh3 Ra6 35. Rc3 Rb6 36. Bc2 Ra6 37. c5 Ra5 38. Rc4 Qg1 39. d6 c6 40. Qd2
Rxc5 41. Rxa4 Qg5 42. Qxg5 hxg5 43. Ra8+ Kh7 44. Bb3 g4 45. Rd8 Kh6 46. Bxf7 g3
47. Rh8+ Kg5 48. Rg8 Kh6 49. Rh8+ Kg5 50. Rh7 Rc2 51. Rxg7+ Kf4 52. h6 g2 53.
h7 Nxh7 54. d7 Rd2 55. Bd5 Ng5 56. Rxg5 Kxg5 57. d8=Q+ Kf4 58. Qb6 Rd4 59. f6
g1=Q 60. f7 cxd5 61. f8=Q+ Kxe4 62. Qb3 Rd3 63. Qfb4+ Rd4 64. Q4c3 Qf2 65. Qxb7
Qh2 66. Qf7 Rd3 67. Qg6+ Kf4 68. Qcxd3 e4 69. Qd6+ Kg4 70. Qxh2 e3 71. Qxe3 d4
72. Qef4# 1-0

[Event "SWE-ch U20"]
[Site "Eskilstuna"]
[Date "2019.07.12"]
[Round "7"]
[White "Sundin, Emanuel"]
[Black "Petersson, Baldur Teodor"]
[Result "0-1"]
[WhiteElo "2134"]
[BlackElo "2179"]
[PlyCount "50"]
[EventDate "2019.07.06"]
[EventType "tourn"]
[EventRounds "9"]
[EventCountry "SWE"]
[SourceTitle "CBM 191 Extra"]
[Source "ChessBase"]
[SourceDate "2019.09.30"]
[SourceVersion "1"]
[SourceVersionDate "2019.09.30"]
[SourceQuality "1"]
1. e4 c5 2. Nf3 e6 3. d4 cxd4 4. Nxd4 a6 5. Bd3 Nf6 6. O-O d6 7. Qe2 Nbd7 8. c4
Be7 9. f4 Qc7 10. b3 d5 11. exd5 Bc5 12. Be3 Qb6 13. Nc2 Ng4 14. Bxc5 Nxc5 15.
Kh1 Nxd3 16. Qxd3 Nf2+ 17. Rxf2 Qxf2 18. Nc3 Qxf4 19. Rf1 Qh6 20. dxe6 Bxe6 21.
Qd6 Rd8 22. Qc5 Qd2 23. Ne4 Qe2 24. Re1 Rd1 25. Nd6+ Kd7 0-1

[Event "SWE-ch U20"]
[Site "Eskilstuna"]
[Date "2019.07.11"]
[Round "6"]
[White "Petersson, Baldur Teodor"]
[Black "Johnson, Daniel"]
[Result "0-1"]
[WhiteElo "2179"]
[BlackElo "2212"]
[PlyCount "96"]
[EventDate "2019.07.06"]
[EventType "tourn"]
[EventRounds "9"]
[EventCountry "SWE"]
[SourceTitle "CBM 191 Extra"]
[Source "ChessBase"]
[SourceDate "2019.09.30"]
[SourceVersion "1"]
[SourceVersionDate "2019.09.30"]
[SourceQuality "1"]
1. e4 c5 2. Nf3 e6 3. d3 d5 4. Nbd2 Nf6 5. g3 Nc6 6. Bg2 Be7 7. O-O O-O 8. e5
Nd7 9. Re1 Qc7 10. Qe2 b5 11. h4 Bb7 12. Nf1 Rfe8 13. Bf4 Rac8 14. N1h2 Nd4 15.
Nxd4 cxd4 16. Rec1 Qc5 17. h5 Qb4 18. Rab1 a6 19. Ng4 Qa4 20. Qd2 Rc6 21. Bg5
Bf8 22. Bf6 h6 23. Bxg7 Bxg7 24. Nxh6+ Bxh6 25. Qxh6 Qb4 26. Qf4 Qf8 27. Qxd4
Qg7 28. h6 Qxe5 29. Qg4+ Kh8 30. Re1 Qf6 31. Bxd5 Rg8 32. Bxc6 Rxg4 33. Bxb7
Ne5 34. Re3 a5 35. Kg2 Ng6 36. Kh3 Qg5 37. Rh1 Nf4+ 38. Kh2 Nd5 39. Bxd5 Qxd5
40. f3 Rg6 41. b3 Rxh6+ 42. Kg2 Rxh1 43. Kxh1 Qd4 44. Re2 Qa1+ 45. Kg2 Qxa2 46.
Kf2 a4 47. bxa4 bxa4 48. c4 Qb3 0-1

[Event "SWE-ch U20"]
[Site "Eskilstuna"]
[Date "2019.07.09"]
[Round "4"]
[White "Torngren, Gustav"]
[Black "Sundin, Emanuel"]
[Result "1-0"]
[WhiteElo "2109"]
[BlackElo "2134"]
[PlyCount "58"]
[EventDate "2019.07.06"]
[EventType "tourn"]
[EventRounds "9"]
[EventCountry "SWE"]
[SourceTitle "CBM 191 Extra"]
[Source "ChessBase"]
[SourceDate "2019.09.30"]
[SourceVersion "1"]
[SourceVersionDate "2019.09.30"]
[SourceQuality "1"]
1. d4 Nf6 2. c4 g6 3. Nc3 d5 4. Bg5 Ne4 5. Bh4 Nxc3 6. bxc3 Bg7 7. g4 dxc4 8.
e3 Qd5 9. f3 O-O 10. Qd2 Re8 11. Ne2 Qxf3 12. Rg1 Qc6 13. Bg2 Qa6 14. Nf4 c6
15. Bf1 Nd7 16. a4 e5 17. Nh5 gxh5 18. gxh5 Kh8 19. Bh3 c5 20. Qf2 Qh6 21.
O-O-O Qxh5 22. Bxd7 Bxd7 23. Rxg7 Kxg7 24. Rg1+ Qg6 25. Bf6+ Kg8 26. Rxg6+ fxg6
27. dxe5 Bxa4 28. Qh4 Rac8 29. Qxc4+ Kf8 1-0

[Event "SWE-ch U20"]
[Site "Eskilstuna"]
[Date "2019.07.06"]
[Round "1"]
[White "Storme, Isak"]
[Black "Torngren, Gustav"]
[Result "1-0"]
[WhiteElo "2330"]
[BlackElo "2109"]
[PlyCount "59"]
[EventDate "2019.07.06"]
[EventType "tourn"]
[EventRounds "9"]
[EventCountry "SWE"]
[SourceTitle "CBM 191 Extra"]
[Source "ChessBase"]
[SourceDate "2019.09.30"]
[SourceVersion "1"]
[SourceVersionDate "2019.09.30"]
[SourceQuality "1"]
1. e4 g6 2. d4 Bg7 3. Nf3 d6 4. Bc4 Nf6 5. Qe2 O-O 6. O-O Nfd7 7. e5 Nb6 8. Bb3
d5 9. h3 Nc6 10. c3 a5 11. Bf4 a4 12. Bc2 Nc4 13. Bxa4 Rxa4 14. b3 Ra5 15. bxc4
dxc4 16. Qxc4 Be6 17. Qe2 b5 18. Rd1 Bc4 19. Qb2 Qd5 20. Na3 Rfa8 21. Nxc4 Qxc4
22. Nd2 Qd5 23. Nb3 R5a6 24. Nc5 Ra5 25. e6 fxe6 26. Bxc7 Rxa2 27. Rxa2 Rxa2
28. Qxb5 Nxd4 29. cxd4 Bxd4 30. Rxd4 1-0